|
|
|
|
| LEADER |
01717nam a2200385 i 4500 |
| 001 |
EBC6532582 |
| 003 |
MiAaPQ |
| 005 |
20220528073013.0 |
| 006 |
m o d | |
| 007 |
cr cnu|||||||| |
| 008 |
220528s2021 nsc o 000 0 eng d |
| 020 |
|
|
|z 9781988664262
|q (print)
|
| 020 |
|
|
|a 9781988664255
|q (electronic bk.)
|
| 035 |
|
|
|a (MiAaPQ)EBC6532582
|
| 035 |
|
|
|a (Au-PeEL)EBL6532582
|
| 035 |
|
|
|a (OCoLC)1265460938
|
| 040 |
|
|
|a MiAaPQ
|b eng
|e rda
|e pn
|c MiAaPQ
|d MiAaPQ
|
| 050 |
|
4 |
|a Z285.6
|b .H455 2021
|
| 082 |
0 |
|
|a 002.0688
|2 23
|
| 100 |
1 |
|
|a Heilmann, Doris Maria,
|e author.
|
| 245 |
1 |
0 |
|a 111 tips on how to market your book for free :
|b detailed plans and smart strategies for your book's success. /
|c Doris-Maria Heilmann.
|
| 246 |
3 |
|
|a One hundred eleven tips on how to market your book for free
|
| 264 |
|
1 |
|a Antigonish, Nova Scotia :
|b 111 Publishing,
|c [2021]
|
| 264 |
|
4 |
|c Ã2021
|
| 300 |
|
|
|a 1 online resource (200 pages)
|
| 336 |
|
|
|a text
|b txt
|2 rdacontent
|
| 337 |
|
|
|a computer
|b c
|2 rdamedia
|
| 338 |
|
|
|a online resource
|b cr
|2 rdacarrier
|
| 588 |
|
|
|a Description based on print version record.
|
| 590 |
|
|
|a Electronic reproduction. Ann Arbor, MI : ProQuest, 2018. Available via World Wide Web. Access may be limited to ProQuest affiliated libraries.
|
| 650 |
|
0 |
|a Books
|x Marketing.
|
| 655 |
|
4 |
|a Electronic books.
|
| 776 |
0 |
8 |
|i Print version:
|a Heilmann, Doris-Maria.
|t 111 tips on how to market your book for free : detailed plans and smart strategies for your book's success.
|d Antigonish, Nova Scotia : 111 Publishing, c2021
|h 200 pages
|z 9781988664262
|
| 797 |
2 |
|
|a ProQuest (Firm)
|
| 856 |
4 |
0 |
|u https://ebookcentral.proquest.com/lib/matrademy/detail.action?docID=6532582
|z Click to View
|